VLSI design techniques for analog and digital circuits / (Record no. 36314)

MARC details
000 -LEADER
fixed length control field 01230cam a2200289 a 4500
005 - DATE AND TIME OF LATEST TRANSACTION
control field 19900710142355.3
008 - FIXED-LENGTH DATA ELEMENTS--GENERAL INFORMATION
fixed length control field 881213s1990 nyuaf b 001 0 eng
010 ## - LCCN (DPL NO)
LC control number ENG-96169
020 ## - INTERNATIONAL STANDARD BOOK NUMBER
International Standard Book Number 9780070702486
Terms of availability 550.00
020 ## - INTERNATIONAL STANDARD BOOK NUMBER
International Standard Book Number 0070702489
Terms of availability 550.00
035 ## - SYSTEM CONTROL NUMBER
System control number EN-79702
037 ## - SOURCE OF ACQUISITION
Source of stock number/acquisition DBAD/PUB
040 ## - CATALOGING SOURCE
Original cataloging agency DPL
Language of cataloging Eng
082 ## - DEWEY DECIMAL CLASSIFICATION NUMBER
Classification number 621.38173
100 ## - MAIN ENTRY--PERSONAL NAME
Personal name Geiger, Randall L.
245 ## - TITLE STATEMENT
Title VLSI design techniques for analog and digital circuits /
Statement of responsibility, etc by Randall L. Geiger, Phillip E. Allen [and] Noel R. Strader
260 ## - PUBLICATION, DISTRIBUTION, ETC. (IMPRINT)
Place of publication, distribution, etc New Delhi
Name of publisher, distributor, etc Tata McGraw-Hill
Date of publication, distribution, etc 2010
270 ## - ADDRESS
Address 7, West Patel Nagar,
City New Delhi
Postal code 110008
300 ## - PHYSICAL DESCRIPTION
Extent xv, 969 p., [10] p. of plates :
Other physical details ill. (some col.)
Dimensions 25 cm (pbk)
440 ## - SERIES STATEMENT/ADDED ENTRY--TITLE
Title McGraw-Hill series in electrical engineering
500 ## - GENERAL NOTE
General note Includes bibliographical references and index.
650 ## - SUBJECT ADDED ENTRY--TOPICAL TERM
Topical term or geographic name as entry element Integrated circuits
General subdivision Very large scale integration
-- Design and construction.
700 ## - ADDED ENTRY--PERSONAL NAME
Personal name Allen, P. E.
Fuller form of name (Phillip E.)
700 ## - ADDED ENTRY--PERSONAL NAME
Personal name Strader, Noel R.
942 ## - ADDED ENTRY ELEMENTS (KOHA)
Source of classification or shelving scheme Dewey Decimal Classification
Item type English Books
Classification part 621.38173
Call number suffix GEI
Holdings
Withdrawn status Lost status Source of classification or shelving scheme Materials specified (bound volume or other part) Damaged status Not for loan Collection code Home library Current library Date acquired Source of acquisition Cost, normal purchase price Total Checkouts Full call number Barcode Date last seen Copy number Cost, replacement price Koha item type
    Dewey Decimal Classification Pbk   Not For Loan Non-fiction D.B.Act.Division D.B.Act.Division 20/04/2010 DBAD/PUB 550.00   621.38173 -GEI EN-79702 25/05/2010 1 550.00 English Books

© Delhi Public Library
Hit Counter
free hit counter